| 000 | 00901nam a2200265Ia 4500 | ||
|---|---|---|---|
| 003 | OSt | ||
| 005 | 20221005110433.0 | ||
| 006 | a|||||r|||| 00| 0 | ||
| 007 | ta | ||
| 008 | 221004b |||||||| |||| 00| 0 hin d | ||
| 020 |
_a8170160944 (pbk) _cIndian Rupees 150 |
||
| 024 | _a40580 | ||
| 037 |
_bGift, 25/10/2018, _cTextual |
||
| 040 |
_aCRL _cCRL _bhin |
||
| 041 |
_2hin _ahin |
||
| 082 | _aO152,3N40,TK, P2.1 | ||
| 100 | _aकोहली, नरेन्द्र | ||
| 245 | 0 | _aतोेडो कारा तोडो | |
| 246 | _aToeḍo kārā toḍo | ||
| 260 |
_aनई दिल्ली _bकिताबघर भारत _c2002 |
||
| 300 |
_a430पृ. _ccm. |
||
| 650 | _aहिन्दी साहित्य | ||
| 942 |
_hO152,3N40,TK, P2.1 _cTEXL _2cc |
||
| 999 |
_c1018807 _d1018807 |
||